|
|
|
|
| LEADER |
00000cam a2200000 7i4500 |
| 001 |
0000033530 |
| 005 |
20171115.0 |
| 008 |
120619s1998 myag 0001 eng |
| 020 |
|
|
|a 9830600653
|
| 040 |
|
|
|a PERPUSTAM
|b eng
|c PERPUSTAM
|e rda
|
| 090 |
0 |
0 |
|a J 823
|b SER
|
| 100 |
0 |
|
|a Kumara Velu ,
|e author
|
| 245 |
0 |
4 |
|a THE NEW WALKMAN
|c KUMARA VELU
|
| 264 |
|
1 |
|a Petaling Jaya :
|b Hasrat Murni
|c 1998
|
| 300 |
|
|
|a 30pages :
|b ilustration ;
|c 19cm.
|
| 336 |
|
|
|a still image, rdacontent
|
| 336 |
|
|
|a text, rdacontent
|
| 337 |
|
|
|a unmediated
|2 rdamedia
|
| 338 |
|
|
|a volume
|2 rdacarrier
|
| 490 |
1 |
|
|a JUNIOR MORAL
|
| 650 |
1 |
0 |
|a Short Stories
|
| 830 |
|
0 |
|a Junior Moral
|
| 999 |
|
|
|a 0000333551
|b Buku
|c Koleksi Pinjaman Kanak-Kanak
|e Perbadanan Perpustakaan Awam Melaka
|
| 999 |
|
|
|a 0000339966
|b Buku
|c Koleksi Pinjaman Kanak-Kanak
|e Perpustakaan Cawangan Jasin
|
| 999 |
|
|
|a 114091
|b Buku
|c Junior Fiction
|e Perpustakaan Cawangan Masjid Tanah
|
| 999 |
|
|
|a 114092
|b Buku
|c Junior Fiction
|e Perpustakaan Cawangan Masjid Tanah
|
| 999 |
|
|
|a 114093
|b Buku
|c Koleksi Pinjaman Kanak-Kanak
|e Perpustakaan Cawangan Jasin
|
| 999 |
|
|
|a 114094
|b Buku
|c Koleksi Pinjaman Kanak-Kanak
|e Perpustakaan Cawangan Jasin
|
| 999 |
|
|
|a 115573
|b Buku
|c Koleksi Pinjaman Kanak-Kanak
|e Perpustakaan Cawangan Jasin
|